Tribuna de la revolucion : conferencias /
Guardado en:
| Autor Principal: | |
|---|---|
| Otros Autores: | , |
| Formato: | Libro |
| Publicado: |
Buenos Aires :
Nueva Argentina,
1948
|
| Series: | Centro Universitario Argentino
|
| Materias: | |
| Etiquetas: |
Agregar Etiqueta
Sin Etiquetas, Sea el primero en etiquetar este registro!
|
| LEADER | 00760nam a22002415a 4500 | ||
|---|---|---|---|
| 001 | EHU.bham025113 | ||
| 003 | AR-BHAM | ||
| 005 | 20130508111258.0 | ||
| 008 | 130507s1948##################000#0#####d | ||
| 082 | 3 | 2 | |a 323.2 |
| 100 | 1 | |a Peron, Juan Domingo | |
| 245 | 1 | 0 | |a Tribuna de la revolucion : |b conferencias / |c Juan Domingo Peron , Arturo Jauretche , Carlos Astrada |
| 260 | |a Buenos Aires : |b Nueva Argentina, |c 1948 | ||
| 300 | |a 351 p. | ||
| 490 | 0 | |a Centro Universitario Argentino | |
| 653 | |a Donacion lejarraga | ||
| 653 | |a Peronismo | ||
| 653 | |a Conferencias | ||
| 653 | |a Revolucion | ||
| 653 | |a Universidad-historia de la | ||
| 700 | 1 | |a Jauretche, Arturo | |
| 700 | 1 | |a Astrada, Carlos | |
| 859 | |a AR-BHAM |b BIB. HUMANIDADES - General |h 323.2 |i T731-1 |p 806.02 |t Ej.1 | ||
